000
00335nam a22001457a 4500
008
230508b ||||| |||| 00| 0 eng d
020
_a
9780130941497
041
_a
eng
080
_2
4TB EDITION
_a
610.73
082
_a
610.73CLA
100
_a
8
101
_a
INF
245
_a
COMMUNITY HEALTH NURSING
_c
CLARK.J.M
942
_2
udc
_c
BK
999
_c
59658
_d
59658